| 000 | 00762nam a22001937a 4500 | ||
|---|---|---|---|
| 005 | 20111122170357.0 | ||
| 008 | 111122s2002 ua||||| |||| 001 0 ara d | ||
| 082 |
_222 _a600 _bا ي ل |
||
| 100 |
_927842 _aايلول، جاك |
||
| 245 |
_aخدعة التكنولوجيا / _cتأليف جاك أيلول ؛ ترجمة فاطمة نصر. |
||
| 250 | _aط. 1. | ||
| 260 |
_aالقاهرة : _bالهيئة المصرية العامة للكتاب، _c2002. |
||
| 300 |
_a487 ص. ؛ _c24 سم. |
||
| 650 |
_915271 _aالتكنولوجيا |
||
| 653 |
_bAra _cNovember2011 |
||
| 700 |
_927843 _aنصر، فاطمة _eمترجم |
||
| 942 |
_2ddc _cBB |
||
| 999 |
_c16248 _d16248 |
||